000 00668nam a22002177a 4500
003 UA-OsUOA
001 116991
007 ta
008 20160420b un ||||| |||| 00| 0 ukr d
100 _aДжиджора Є.
090 _a82
_bД41
942 _cSA
040 _aUA-OsUOA
_bukr
_cUA-OsUOA
_dUA-OsUOA
245 _aОсновні напрями символізації відтворюванного образа у середньовічному літературному творі
300 _aС.53-60
955 _a0
041 _aukr
080 _a82
773 0 _w116989
650 7 _a82 Література. Літературознавство
_2UDC
999 _c402969
_d402969